| 000 | 00484nam a2200157 a 4500 | ||
|---|---|---|---|
| 001 | 000030534 | ||
| 005 | 20200930062350.0 | ||
| 008 | 110523s1980 dr 000 0 spa d | ||
| 040 |
_aDO-SdBNP _bspa _cBNPHU |
||
| 245 | 0 | 0 |
_aGeografía general aplicada a América y República Dominicana : _b3ro del bachillerato. |
| 260 |
_aSanto Domingo : _bSusaeta, _c1980. |
||
| 300 |
_a184 p. : _bil., map., retrs., ; _c26 cm. |
||
| 490 | 1 | _aQuisqueya | |
| 830 | 0 |
_aQuisqueya _957159 |
|
| 049 | _aBNPD | ||
| 999 |
_c30026 _d30026 |
||